[Event "AUS-ch U14"]
[Site "Mooroolbark"]
[Date "2011.01.23"]
[Round "9"]
[White "MacAdam, Alex"]
[Black "Carter, Mason"]
[Result "1/2-1/2"]
[WhiteElo "1223"]
[BlackElo "1336"]
[PlyCount "64"]
[EventDate "2011.01.19"]
[EventType "swiss"]
[EventRounds "9"]
[EventCountry "AUS"]
[SourceTitle "EXT 2013"]
[Source "ChessBase"]
[SourceDate "2012.11.22"]
[SourceVersion "1"]
[SourceVersionDate "2012.11.22"]
[SourceQuality "1"]

1. d4 Nf6 2. c4 e6 3. Nf3 Bb4+ 4. Bd2 Qe7 5. a3 Bxd2+ 6. Qxd2 0-0 7. Nc3 b6 8. e3 Bb7 9. Bd3 d6 10. 0-0 e5 11. dxe5 dxe5 12. Bc2 Rd8 13. Qe2 e4 14. Nd4 c5 15. Nf5 Qe5 16. Ng3 Nbd7 17. Rad1 h5 18. Rd2 h4 19. Nh1 Nf8 20. Rfd1 Ne6 21. Rxd8+ Rxd8 22. Rxd8+ Nxd8 23. f3 exf3 24. gxf3 Ne6 25. Nf2 Qb8 26. Nfe4 Nxe4 27. Bxe4 Bxe4 28. Nxe4 Qe5 29. Nxc5 Qg5+ 30. Kf2 h3 31. Qf1 Qg6 32. Qe2 Qf6 1/2-1/2